000 00391nam a22001577a 4500
999 _c258972
_d258971
003 OSt
005 20200810120154.0
008 200810b xxu||||| |||| 00| 0 eng d
020 _a053627844X
040 _cN/A
100 _aH.Svi Shapiro et al
245 _aInstitution of Education
250 _aFifth Edition
260 _aNew York
_bPearson Custom Publishing
_c2006
942 _2lcc
_cBK